书目信息 |
| 题名: |
MATLAB语言与数学建模
|
|
| 作者: | 曾建军 编著 | |
| 分册: | ||
| 出版信息: | 合肥 安徽大学出版社 2005.10 |
|
| 页数: | 361页 | |
| 开本: | 26cm | |
| 丛书名: | ||
| 单 册: | ||
| 中图分类: | TP312MA , O141.4 | |
| 科图分类: | ||
| 主题词: | 数学模型--shu xue mo xing--计算机辅助计算--软件包 , 计算机辅助计算--ji suan ji fu zhu ji suan , 软件包--ruan jian bao | |
| 电子资源: | ||
| ISBN: | 7-81110-024-X | |
| 000 | 01187nam0 2200325 450 | |
| 001 | CAL 012006080013 | |
| 005 | 20061030103624.73 | |
| 010 | @a7-81110-024-X@dCNY29.60 | |
| 099 | @aCAL 012006080013 | |
| 100 | @a20060918d2005 em y0chiy0120 ea | |
| 101 | 0 | @achi |
| 102 | @aCN@b110000 | |
| 105 | @ay z 001yy | |
| 200 | 1 | @aMATLAB语言与数学建模@AMATLAB yu yan yu shu xue jian mo@f曾建军 … [等]编著 |
| 210 | @a合肥@c安徽大学出版社@d2005.10 | |
| 215 | @a361页@d26cm | |
| 304 | @a本书编著者为: 曾建军、李世航、王永国等 | |
| 306 | @a安徽省“211”首批重点课程资助项目 安徽大学“211工程”教材出版基金资助 | |
| 320 | @a有索引 (第360-361页) | |
| 330 | @a本书系统地介绍了科学计算软件MATLAB, 从MATLAB的基本语言到涉及面很广的各类工具箱, 以及如何进行知识搜索到用MATLAB来解决各种计算问题等等。 | |
| 333 | @a阅读对象: 高等院校各学科一、二年级学生等 | |
| 606 | 0 | @a数学模型@Ashu xue mo xing@x计算机辅助计算@x软件包 |
| 606 | 0 | @a计算机辅助计算@Aji suan ji fu zhu ji suan |
| 606 | 0 | @a软件包@Aruan jian bao |
| 610 | 0 | @aMATLAB |
| 690 | @aTP312MA@v4 | |
| 690 | @aO141.4@v4 | |
| 701 | 0 | @a曾建军@Azeng jian jun@4编著 |
| 801 | 0 | @aCN@c20061030 |
| 905 | @a10447@dTP312MA@eZ024 | |
| MATLAB语言与数学建模/曾建军 … [等]编著.-合肥:安徽大学出版社,2005.10 |
| 361页;26cm |
| 使用对象:阅读对象: 高等院校各学科一、二年级学生等 |
| ISBN 7-81110-024-X:CNY29.60 |
| 本书系统地介绍了科学计算软件MATLAB, 从MATLAB的基本语言到涉及面很广的各类工具箱, 以及如何进行知识搜索到用MATLAB来解决各种计算问题等等。 |
| ● |
| 相关链接 |
|
|
|
正题名:MATLAB语言与数学建模
索取号:TP312MA/Z024
 
预约/预借
| 序号 | 登录号 | 条形码 | 馆藏地/架位号 | 状态 | 备注 |
| 1 | 634735 | 206347354 | 自科库301/301自科库 86排1列4层/ [索取号:TP312MA/Z024] | 在馆 | |
| 2 | 634736 | 206347363 | 自科库301/301自科库 86排1列4层/ [索取号:TP312MA/Z024] | 在馆 | |
| 3 | 634737 | 206347372 | 自科库301/404自科库 15排3列2层/ [索取号:TP312MA/Z024] | 在馆 |